• 首页
  • 本馆介绍
  • 公告通知
  • 最新文献
  • 馆藏检索
  • 电子资源
  • 读者导购
  • 参考咨询
  • 我的图书馆
  • 登录
  • 详细信息显示
  • 放入我的书架
  • 预约/预借图书
  • 作者相关作品
  • 分类相关作品
  • 丛书相关作品
  • 出版社相关作品

书目信息

  • 表格格式
  • 工作单格式
  • 卡片格式
题名:
校长与课程教学
    
 
作者: 张爱华, , 周庆, 主编
分册:  
出版信息: 保定   河北大学出版社  2012
页数: 230页
开本: 24cm
丛书名: 中小学校长培训教材系列丛书
单 册:
中图分类: G637.3
科图分类:
主题词: 中小学--zhong xiao xue--校长--教务工作
电子资源:
ISBN: 978-7-5666-0158-2
000 01120nam 2200289 450
001 012001003906
005 20130127131856.0
010    @a978-7-5666-0158-2@dCNY29.00
099    @aCAL 012012289571
100    @a20121122d2012 em y0chiy50 ea
101 0  @achi
102    @aCN@b130000
105    @ay a 000yy
106    @ar
200 1  @a校长与课程教学@Axiao zhang yu ke cheng jiao xue@f主编张爱华, 周庆
210    @a保定@c河北大学出版社@d2012
215    @a230页@d24cm
225 2  @a中小学校长培训教材系列丛书@Azhong xiao xue xiao zhang pei xun jiao cai xi lie cong shu
320    @a有书目 (第229-230页)
330    @a本书主要内容是校长作为学校课程教学的领导者, 如何引导全体教师完成课程目标, 不断地捕捉新动态, 掌握新方法, 完善教师对课程的理解, 把教学理念内化, 从而使先进的理念贯穿在学校课程教学管理工作的方方面面。
410  0 @12001@a中小学校长培训教材系列丛书
606 0  @a中小学@Azhong xiao xue@x校长@x教务工作
690    @aG637.3@v5
701  0 @a张爱华,@Azhang ai hua@f1956-@4主编
701  0 @a周庆,@Azhou qing@f1968-@4主编
801  2 @aCN@b江苏凤凰@c20191020
905    @b1218990-3@dG637.3@e1439@f4
    
    校长与课程教学/主编张爱华, 周庆.-保定:河北大学出版社,2012
    230页;24cm.-(中小学校长培训教材系列丛书)
    
    
    ISBN 978-7-5666-0158-2:CNY29.00
    本书主要内容是校长作为学校课程教学的领导者, 如何引导全体教师完成课程目标, 不断地捕捉新动态, 掌握新方法, 完善教师对课程的理解, 把教学理念内化, 从而使先进的理念贯穿在学校课程教学管理工作的方方面面。
●
相关链接 在E读中查询图书 在五车中查询图书 在当当中查询图书 在豆瓣中查询图书


正题名:校长与课程教学     索取号:G637.3/1439         预约/预借

序号 登录号 条形码 馆藏地/架位号 状态 备注
1 1218990   212189905   第一样本阅览室/ [索取号:G637.3/1439] 在馆    
2 1218991   212189914   教育系资料室/ [索取号:G637.3/1439] 在馆    
3 1218992   212189923   教育系资料室/ [索取号:G637.3/1439] 在馆    
4 1218993   212189932   第四借阅区/ [索取号:G637.3/1439] 在馆    
唐山师范学院图书馆 欢迎您!
大连网信软件有限公司© 版权所有